Statistics for Montenegro Country Quiz

Click here to take the quiz!

General Stats

  • This quiz has been taken 1,701 times
    (1,609 since last reset)
  • The average score is 16 of 19

Answer Stats

Clue Answer % Correct
Bordering countriesSerbia
99%
Country that Montenegro was part of from 1918–1992Yugoslavia
98%
Bordering countriesAlbania
98%
Bordering countriesBosnia and Herzegovina
98%
Bordering countriesCroatia
98%
Bordering countriesKosovo
97%
Empire that controlled at least part of Montenegro from 1496–1878Ottoman Empire
97%
Military alliance that Montenegro joined in 2017NATO
96%
Part of the Mediterranean that Montenegro borders{Adriatic} Sea
95%
Peninsula on which Montenegro liesBalkan Peninsula
94%
Meaning of the name MontenegroBlack Mountain
92%
Capital cityPodgorica
90%
Two-headed animal that appears on the flagEagle
89%
Italian city-state which ruled that bay from 1420–1797Venice
88%
Montenegro joined the UN in 2006. What is the only country to join more recently?South Sudan
83%
Official languageMontenegrin
81%
Former name of the capital city from 1946–1992, in honor of a dictator{Tito}grad
75%
Largest bay, a UNESCO World Heritage siteBay of {Kotor}
38%
Largest lake in Southern EuropeLake Skadar
30%

Score Distribution

Percentile by Number Answered

Percent of People with Each Score

Your Score History

You have not taken this quiz since the last reset